000 01142nam a22002537a 4500
005 20170124103121.0
010 _aA-261964
020 _c50.00
035 _aA-261964
037 _bCen Lib/Ret
040 _aDPL
_bHN
082 _a808.1
_bभट्टाचा
100 _aभट्टाचार्यण , कान्तिचन्द्र
_981981
245 _aकाव्य दीपिका :
_c कान्तिचन्द्र भट्टाचार्यण
_bहिंदी टीका सहित /
246 _aDipikakavya :prabha hindi tika sahit
_bby Kantichandr Bhattacharyan
260 _aदिल्ली
_bपरिमल पब्लिकेशन
_c1985
270 _a27-28,शक्ति नगर
_b दिल्ली
_e110007
300 _a163पृष्ठ.
_c20सेमी(सजिल्द)
650 _aहिंदी साहित्य
_981982
650 _aकाव्य का प्रयोजन
_91101
650 _aHindi literature
_981983
650 _aThe purpose of poetry
_981984
942 _2ddc
_cHN
_h808.1
_mभट्टाचा
999 _c118804
_d118804